00482nam a2200193 a 4500001001300000003000900013005001700022008004100039020001000080082001700090100002000107245002200127260003600149300000900185500003500194505001900229650002000248700002000268nice12345678IN_TiNIC20260116011859.0050524s1932 caia grp 000 0 ara  ac10000a305.231bMON aMoncreef, Scoth aAl-Ummul Hakeema. aCairobNile Mission Pressc1932 a108p aincludes index and biblioraphy2 aReserve copies aChildren-Growth1 aMoncreef, Scoth